LEADER 01296nam a2200229 i 4500 001 000000141973 003 CaOOAMICUS 005 20090519000000.0 008 090519s1563 xx u000 u lat u 013 $a116796 040 $aSeMil$bita 245 13$aDe constitutionibus Apostolicis libri octo ... Joanne Carolo Bovio episcopo Ostunensi interprete ; Eiusdem, Scholia ... ; Rerum et verborum index ... Guidone Meldinaeo auctore. 260 $aVenezia :$bex off. Jordani Zileti,$c1563. 300 $a15,5 x 21 ;$ccc. 190 ;$cgr. e rom. 500 $aDescrizione da : Incunaboli e Cinquecentine della Biblioteca del Seminario di Milano / catalogo a cura di Ubaldo Valentini, Milano 1981. - Numero di catalogo : 434. 700 0 $aClemens I,$c.$0(OLS)http://semarc/name/115082 850 $aSeMil 852 $aSeMil$W1$xVenegono$y1$mFV.F III 26 ^$j95169$B95169$CSeMilBibl$Z2$F101763 $86 900 1 $aClemente I$c. 996 $6245$aDe constitutionibus Apostolicis libri octo ... Joanne Carolo Bovio episcopo Ostunensi interprete ; Eiusdem, Scholia ... ; Rerum et verborum index ... Guidone Meldinaeo auctore$9(OLS)http://semarc/title/207531 996 $6260$aVenezia :$bex off. Jordani Zileti$9(OLS)http://semarc/publisher/47445 LEADER 00742nam a2200181 i 4500 001 000000220953 003 CaOOAMICUS 005 20130611000000.0 008 130611s1828 it u000 u ita u 013 $a199850 026 $a)!e- 7.9. 4.i- peun (3) 1828 (A) 040 $aSeMil$bita 245 10$aVol. 6. 300 $a200 p. 773 0 $aMuzzarelli, Alfonso <1749-1813>$tEmilio disingannato dialoghi filosofici opera del conte Alfonso Muzzarelli arricchita d'illustrazioni varie per cura della Pia Associazione. Vol.1. [-8].$dVenezia : Dalla tipografia Gattei, 1828.$g6$w()5067 850 $aSeMil 852 $aSeMil$W1$xVenegono$y1$m2O I 102 FA$j171307$B171307$CSeMilBibl$Z2$F181803 $8I 996 $6245$aVol. 6$9(OLS)http://semarc/title/108698 LEADER 01035nam a2200265 i 4500 001 000000042783 003 CaOOAMICUS 005 20070523000000.0 008 950728s1966 it u000 u ita u 013 $a13953 040 $aSeMil$bita 100 1 $aCorti, Gaetano <1910-1989>.$0(OLS)http://semarc/name/89151 245 10$aDal Nuovo Testamento a Leone Magno /$cGaetano Corti. 250 $a2. ed. rived. e ampliata. 260 $aBrescia :$bMorcelliana,$c1966. 300 $a159 p. ;$c21 cm. 500 $aFondo Card. Giovanni Colombo. 650 4$aPapato - Storia.$0(OLS)http://semarc/subject/198 773 0 $aCorti, Gaetano <1910-1989>$tPapa vicario di Pietro.$dBrescia : Morcelliana $g1$w()21796 850 $aSeMil 852 $aSeMil$W1$xVenegono$y1$m2B I 258$j8938$B8938$CSeMilBibl$Z2$F8938 $81 941 1 $a3 961 $aLascito: Colombo Card. Giovanni 996 $6245$aDal Nuovo Testamento a Leone Magno$9(OLS)http://semarc/title/62550 996 $6260$aBrescia :$bMorcelliana$9(OLS)http://semarc/publisher/29629